000 00345nam a22001217a 4500
003 SGT
082 _a080
_bV11J
100 _aजैन, अनिल
245 _a यादों में प्रभास : प्रभास प्रसंग
260 _bइंदौर प्रकाशन
_c2011
300 _a120
942 _2ddc
_cBK
999 _c31451
_d31451